New venture analysis : (Registro nro. 36068)
[ vista simple ]
| 000 -CABECERA | |
|---|---|
| campo de control de longitud fija | 00471nam a2200145 a 4500 |
| 001 - NÚMERO DE CONTROL | |
| campo de control | 000036577 |
| 005 - FECHA Y HORA DE LA ÚLTIMA TRANSACCIÓN | |
| campo de control | 20200930075816.0 |
| 008 - DATOS DE LONGITUD FIJA--INFORMACIÓN GENERAL | |
| campo de control de longitud fija | 120120s1985 xxud 000 0 eng d |
| 040 ## - FUENTE DE LA CATALOGACIÓN | |
| Centro catalogador/agencia de origen | DO-SdBNP |
| Lengua de catalogación | spa |
| Centro/agencia transcriptor | BNPHU |
| 082 ## - NÚMERO DE LA CLASIFICACIÓN DECIMAL DEWEY | |
| Número de clasificación | xxx |
| Número de documento/Ítem | C841n |
| 100 1# - ENTRADA PRINCIPAL--NOMBRE DE PERSONA | |
| Nombre de persona | Costello, Dennis R. |
| 9 (RLIN) | 62847 |
| 245 10 - MENCIÓN DE TÍTULO | |
| Título | New venture analysis : |
| Resto del título | Research, planning and finance / |
| Mención de responsabilidad, etc. | Dennis R. Costello. |
| 260 ## - PUBLICACIÓN, DISTRIBUCIÓN, ETC. | |
| Lugar de publicación, distribución, etc. | Dow-Jones, Illinois : |
| Nombre del editor, distribuidor, etc. | Dow Jones-Irwin, |
| Fecha de publicación, distribución, etc. | 1985. |
| 300 ## - DESCRIPCIÓN FÍSICA | |
| Extensión | xii, 190 p. : |
| Otras características físicas | diagr. ; |
| Dimensiones | 24 cm. |
| Estado de retiro | Estado de pérdida | Restricciones de uso | No para préstamo | Código de colección | Localización permanente | Ubicación/localización actual | Ubicación en estantería | Fecha de adquisición | Número de inventario | Total de préstamos | Signatura topográfica completa | Código de barras | Fecha visto por última vez | Precio válido a partir de | Tipo de ítem Koha | Número de copia |
|---|---|---|---|---|---|---|---|---|---|---|---|---|---|---|---|---|
| Excluido de préstamo | Monografías: Libros y Folletos | General | General | En catalogación | 20.01.2012 | LF1 | xxx C841n | 36577-10 | 25.06.2020 | 25.06.2020 | No se presta | |||||
| Excluido de préstamo | Monografías: Libros y Folletos | General | General | En catalogación | 20.01.2012 | LF1 | xxx C841n | 36577-20 | 25.06.2020 | 25.06.2020 | No se presta | e.2 |
